|
|
|
|
| LEADER |
00000nam a2200000 a 4500 |
| 001 |
vtls001219880 |
| 003 |
SK-MaSNL |
| 005 |
20260301194831.0 |
| 008 |
240318s1996 xo a r slo |
| 015 |
|
|
|a SNBA1996/1002739
|
| 020 |
|
|
|a 8008012404
|
| 035 |
|
|
|a SNK000164375
|
| 035 |
|
|
|a urn:nbn:sk:snk-amlt9m
|
| 035 |
|
|
|a urn:nbn:sk:snk-am00cbgv
|
| 035 |
|
|
|a CDFF1490-3E46-49BC-BD0A-37CADC8C325B
|
| 040 |
|
|
|a SNK
|b slo
|c SNK
|e AACR2
|
| 041 |
0 |
|
|a slo
|
| 044 |
|
|
|a xo
|c SK
|
| 080 |
|
|
|a 372.41(075.2)
|2 1981
|
| 100 |
1 |
|
|a Virgovičová, Lýdia,
|d 1937-
|4 aut
|9 86337
|
| 245 |
1 |
0 |
|a Čítanka pre 1. ročník základných škôl
|c Lýdia Virgovičová ; [ilustrovala Ľuba Suchalová]
|
| 250 |
|
|
|a 5. vyd.
|
| 260 |
|
|
|a Bratislava
|b Slovenské pedagogické nakladateľstvo
|c 1996
|
| 300 |
|
|
|a 95 s.
|c 29 cm
|
| 500 |
|
|
|a Údaj o ilustr. prevzatý z rubu tit. strany
|
| 650 |
0 |
7 |
|a čítanie
|x učebnice zákl. škôl (1. roč.)
|2 SNK
|9 291811
|
| 655 |
|
7 |
|a učebnice
|2 SNK
|9 22521
|
| 700 |
1 |
|
|a Suchalová Harichová, Ľubica,
|d 1958-
|4 ill
|9 239876
|
| 919 |
|
|
|a 80-08-01240-4
|
| 958 |
|
|
|a TL
|
| 958 |
|
|
|a UX
|
| 958 |
|
|
|a OND
|
| 999 |
|
|
|c 883259
|d 885189
|
| 952 |
|
|
|t P60, <09>, [BOOK], {629}
|a SNK
|b SNK
|y NEVYP
|7 0
|o snkB 775
|i snk2743/960820
|0 0
|1 0
|4 0
|d 1996-08-19
|l 0
|r 2005-01-01 00:00:00
|w 2026-02-24
|
| 952 |
|
|
|t P60, <03>, [BOOK], {603}
|a SNK
|b SNK
|y PREZ
|7 0
|p 17A0008256
|o snkSB 55774
|i snkKSP 6513/96
|0 0
|1 0
|4 0
|d 1996-08-19
|f 1
|l 0
|r 2025-03-28 00:00:00
|w 2026-02-24
|
| 952 |
|
|
|t P60, <04>, [BOOK], {604}
|a SNK
|b SNK
|y VYP
|7 0
|p 17A0011866
|o snkSB 55774 D1
|i snkKSP 8030/96
|0 0
|1 0
|4 0
|d 1996-09-30
|l 0
|r 2005-01-01 00:00:00
|w 2026-02-24
|